00590nam a2200169Ia 4500003000900000008004100009040001600050080002600066110003300092245014000125260005000265300000800315500002800323650003000351650001800381650002100399IN-BaIIA211028s9999 xx 000 0 eng d cIIA Library a083.7:621.822.74bISI aIndian Standards Institution 0aIndian standard methods of evaluating static load rating of rolling bearingsbpt. 1, radial ball bearingscIndian Standards Institution aNew DelhibIndian Standards Institutionc1967 a5p. aIS 3823 : Part 1 : 1966 a Ball Bearings-Standards a Standards  aNASA Thesaurus